Paesi riconosciuti, non riconosciuti e territori del Mondo - Statistics

Statistiche generali
  • Questo quiz è stato fatto 3.178 volte
  • Il punteggio medio è 161 su 247
Risposte nella Mappa
Le risposte nella mappa del quiz sottostante sono codificate secondo una scala di colori dal rosso al verde in base alla % di persone che hanno risposto correttamente.
 
Statistiche sulle risposte
Paese % Corretto
Canada
84%
Stati Uniti d'America
84%
Messico
81%
Groenlandia
80%
Italia
80%
Russia
80%
Brasile
79%
Danimarca
79%
Francia
79%
Irlanda
79%
Islanda
79%
Argentina
78%
Cuba
78%
Germania
78%
Regno Unito
78%
Spagna
78%
Belgio
77%
Cile
77%
Cina
77%
Finlandia
77%
Kosovo
77%
Norvegia
77%
Palestina
77%
Portogallo
77%
Svezia
77%
Svizzera
77%
Turchia
77%
Albania
76%
Australia
76%
Austria
76%
Bielorussia
76%
Bolivia
76%
Bosnia ed Erzegovina
76%
Cipro
76%
Colombia
76%
Croazia
76%
Estonia
76%
Giappone
76%
Grecia
76%
Lettonia
76%
Lituania
76%
Malta
76%
Marocco
76%
Paesi Bassi
76%
Panama
76%
Paraguay
76%
Peru
76%
Polonia
76%
Slovenia
76%
Ucraina
76%
Uruguay
76%
Venezuela
76%
Algeria
75%
Arabia Saudita
75%
Bulgaria
75%
Corea del Nord
75%
Corea del Sud
75%
Ecuador
75%
Egitto
75%
Guyana
75%
Haiti
75%
India
75%
Israele
75%
Macedonia del Nord
75%
Moldova
75%
Mongolia
75%
Nuova Zelanda
75%
Repubblica Ceca
75%
Romania
75%
Serbia
75%
Slovacchia
75%
Ungheria
75%
Georgia
74%
Iran
74%
Iraq
74%
Kazakistan
74%
Libia
74%
Madagascar
74%
Montenegro
74%
Sudafrica
74%
Tunisia
74%
Afghanistan
73%
Armenia
73%
Belize
73%
Emirati Arabi Uniti
73%
Filippine
73%
Honduras
73%
Indonesia
73%
Lussemburgo
73%
Niger
73%
Oman
73%
Pakistan
73%
Repubblica del Congo
73%
Repubblica Democratica del Congo
73%
Repubblica Dominicana
73%
San Marino
73%
Somalia
73%
Yemen
73%
Andorra
72%
Bahamas
72%
Città del Vaticano
72%
Costa Rica
72%
Eritrea
72%
Etiopia
72%
Guatemala
72%
Nepal
72%
Nicaragua
72%
Nigeria
72%
Papua Nuova Guinea
72%
Siria
72%
Sri Lanka
72%
Sudan
72%
Suriname
72%
Thailandia
72%
Vietnam
72%
Bangladesh
71%
Capo Verde
71%
El Salvador
71%
Giordania
71%
Guinea
71%
Laos
71%
Libano
71%
Maldive
71%
Mali
71%
Myanmar
71%
Qatar
71%
Sud Sudan
71%
Taiwan
71%
Turkmenistan
71%
Uzbekistan
71%
Angola
70%
Bhutan
70%
Cambogia
70%
Giamaica
70%
Kenia
70%
Senegal
70%
Ciad
69%
Costa d'Avorio
69%
Kirghizistan
69%
Lesotho
69%
Liechtenstein
69%
Malaysia
69%
Mauritania
69%
Repubblica Centrafricana
69%
Seychelles
69%
Tagikistan
69%
Zambia
69%
Botswana
68%
Camerun
68%
Guinea Equatoriale
68%
Kuwait
68%
Liberia
68%
Mauritius
68%
Monaco
68%
Namibia
68%
Stati Federati di Micronesia
68%
Togo
68%
Zimbabwe
68%
Eswatini
67%
Figi
67%
Ghana
67%
Guinea-Bissau
67%
Isole Marshall
67%
Kiribati
67%
Saint Lucia
67%
Tanzania
67%
Uganda
67%
Barbados
66%
Burkina Faso
66%
Burundi
66%
Dominica
66%
Gabon
66%
Gibuti
66%
Isole Salomone
66%
Mozambico
66%
Samoa
66%
Singapore
66%
Benin
65%
Guyana Francese
65%
Malawi
65%
Palau
65%
Ruanda
65%
Saint Kitts e Nevis
65%
Saint Vincent e Grenadines
65%
Trinidad e Tobago
65%
Azerbaigian
64%
Bahrain
64%
Gambia
64%
São Tomé e Príncipe
64%
Sierra Leone
64%
Timor Est
64%
Tonga
64%
Brunei
63%
Tuvalu
63%
Vanuatu
63%
Antigua e Barbuda
62%
Comore
62%
Isole Faroe
62%
Nauru
62%
Grenada
61%
Sahara Occidentale
58%
Polinesia Francese
55%
Porto Rico
55%
Isole Falkland
54%
Bermuda
49%
Somaliland
48%
Cipro del Nord
46%
Gibilterra
46%
Svalbard e Jan Mayen
46%
Transnistria
46%
Hong Kong
45%
Isola di Man
43%
Nuova Caledonia
42%
Sant'Elena, Ascensione, e Tristan da Cunha
42%
Guam
41%
Isole Vergini Britanniche
41%
Isole Cook
40%
Isole Vergini Americane
40%
Abcasia
39%
Aruba
39%
Curaçao
37%
Martinica
37%
Guadalupa
36%
Isola del Natale
36%
Isole Cayman
36%
Macao
35%
Réunion
35%
Samoa Americane
35%
Ossezia del Sud
34%
Isole Turks e Caicos
33%
Anguilla
32%
Mayotte
32%
Saint Martin
32%
Sint Maarten
32%
Niue
31%
Jersey
30%
Guernsey
29%
Isole Pitcairn
29%
Isole Marianne Settentrionali
27%
Saint Pierre e Miquelon
27%
Caraibi olandesi
26%
Isole Norfolk
26%
Montserrat
26%
Tokelau
26%
Isole Cocos (Keeling)
24%
Wallis e Futuna
24%
Saint Barthélemy
19%
Nessun quiz corrispondente trovato
Distribuzione punteggi
Percentuale di utenti per punteggio
Percentile per numero di risposta
I tuoi punteggi nel tempo
Non hai fatto questo quiz